000 00337nam a2200145Ia 4500
008 210716s1983 xx 000 0 und d
041 _aeng
082 _a330 DOLE
100 _aDolan, Edwin G.
245 _aBasic economics.
250 _a1
260 _aNew York
_bThe Dyden press
_c1983
300 _a773
650 _aEconomics(330)
999 _c202260
_d202260